000
00199 a2200097 4500
001
34946
100
_a
I L T
245
_a
Qisas-wa-diat
260
_a
Lahore
_b
Sange-e-Meel
_c
090
_c
23108
_d
23108
942
_a
NUST-CAE
_c
M
_c
14568
999
_c
270019
_d
270019